Central Library OPAC University of Rajshahi

Project management : (Record no. 61688)

MARC details
000 -LEADER
fixed length control field 00719nam a22002297a 4500
001 - CONTROL NUMBER
control field 61688
003 - CONTROL NUMBER IDENTIFIER
rucl marc code BD-RjUL
005 - DATE AND TIME OF LATEST TRANSACTION
control field 20211209081006.0
008 - FIXED-LENGTH DATA ELEMENTS--GENERAL INFORMATION
fixed length control field 170121r20082000ii a|||| |||| 001 0 eng d
035 ## - SYSTEM CONTROL NUMBER
System control number (BD-RjUL)61812
040 ## - CATALOGING SOURCE
Original cataloging agency BD-RjUL
Language of cataloging eng
Transcribing agency BD-RjUL
041 ## - LANGUAGE CODE
Language code of text/sound track or separate title eng
082 ## - DEWEY DECIMAL CLASSIFICATION NUMBER
Edition number 23
Classification number 658.404
Author mark and year PAP 2008
100 1# - MAIN ENTRY--PERSONAL NAME
Personal name Patel, Bhavesh M.
9 (RLIN) 183729
245 10 - TITLE STATEMENT
Title Project management :
Remainder of title strategic financial planning, evaluation and control /
Statement of responsibility, etc. Bhavesh M. Patel.
260 ## - PUBLICATION, DISTRIBUTION, ETC. (IMPRINT)
Place of publication, distribution, etc. New Delhi :
Name of publisher, distributor, etc. Vikas Publishing House,
Date of publication, distribution, etc. c2000 [reprinted 2008].
300 ## - PHYSICAL DESCRIPTION
Pagination xiii, 666 p. :
Illustrations ill. ;
Size 23 cm.
500 ## - GENERAL NOTE
General note includes index.
650 ## - SUBJECT ADDED ENTRY--TOPICAL TERM
Topical term or geographic name as entry element Project management.
9 (RLIN) 177661
Topical term or geographic name as entry element Cost control
9 (RLIN) 175273
942 ## - ADDED ENTRY ELEMENTS (KOHA)
Source of classification or shelving scheme Dewey Decimal Classification
Koha item type Books
Holdings
Lost status Source of classification or shelving scheme Damaged status Not for loan Collection code Permanent Location Current Location Shelving location Date acquired Source of acquisition Cost, normal purchase price Total Checkouts Full call number Date last seen Copy number Koha item type
  Dewey Decimal Classification   Not For Loan Non-fiction Central Library, University of Rajshahi Central Library, University of Rajshahi Reading Room 12/05/2011 Dhaka, Paragon Enterprises Ltd. 350.00   658.404 PAP 2008 21/01/2017 C-1 Books